The Quest for Paradise : (Record no. 83814)
[ view plain ]
| 000 -LEADER | |
|---|---|
| fixed length control field | 01184nam a22002657a 4500 |
| 005 - DATE AND TIME OF LATEST TRANSACTION | |
| control field | 20140526163404.0 |
| 010 ## - LCCN (DPL NO) | |
| LC control number | B-530366-376 |
| 020 ## - INTERNATIONAL STANDARD BOOK NUMBER | |
| International Standard Book Number | 9780545253079 |
| Terms of availability | 499.00 |
| 035 ## - SYSTEM CONTROL NUMBER | |
| System control number | B-530366-376 |
| 037 ## - SOURCE OF ACQUISITION | |
| Stock number | dpl |
| Source of stock number/acquisition | UBH/Ven |
| 082 00 - DEWEY DECIMAL CLASSIFICATION NUMBER | |
| Classification number | S |
| Edition number | 22 |
| 100 ## - MAIN ENTRY--PERSONAL NAME | |
| Personal name | Stilton, Geronimo |
| 245 14 - TITLE STATEMENT | |
| Title | The Quest for Paradise : |
| Remainder of title | the return to the Kingdom of Fantasy / |
| Statement of responsibility, etc | Geronimo Stilton ; [illustrations by Francesco Barbieri ... et al. ; translated by Julia Heim]. |
| 260 ## - PUBLICATION, DISTRIBUTION, ETC. (IMPRINT) | |
| Place of publication, distribution, etc | New York : |
| Name of publisher, distributor, etc | Scholastic, |
| Date of publication, distribution, etc | c2013 |
| 270 ## - ADDRESS | |
| Address | 557 Broadway |
| City | New York |
| Postal code | N Y 10012 |
| 300 ## - PHYSICAL DESCRIPTION | |
| Extent | 297p.: |
| Other physical details | col. ill. ; |
| Dimensions | 20cm(Hb). |
| 520 ## - SUMMARY, ETC. | |
| Summary, etc | Invited by the Queen of the Fairies to return to her kingdom and help in the quest for the true heart of happiness, Geronimo soon finds himself on an adventurous journey riding on the wings of a rainbow-colored dragon through seven fantastic lands. |
| 650 #1 - SUBJECT ADDED ENTRY--TOPICAL TERM | |
| Topical term or geographic name as entry element | Mice |
| Form subdivision | Fiction. |
| 650 #1 - SUBJECT ADDED ENTRY--TOPICAL TERM | |
| Topical term or geographic name as entry element | Fairies |
| Form subdivision | Fiction. |
| 650 #1 - SUBJECT ADDED ENTRY--TOPICAL TERM | |
| Topical term or geographic name as entry element | Adventure and adventurers |
| Form subdivision | Fiction. |
| 700 1# - ADDED ENTRY--PERSONAL NAME | |
| Personal name | Barbieri, Francesco, |
| Dates associated with a name | 1970- |
| Relator term | ill. |
| 700 1# - ADDED ENTRY--PERSONAL NAME | |
| Personal name | Heim, Julia. |
| 942 ## - ADDED ENTRY ELEMENTS (KOHA) | |
| Source of classification or shelving scheme | Dewey Decimal Classification |
| Item type | Children Books |
| Classification part | S |
| Call number suffix | STI |
| Withdrawn status | Lost status | Not for loan | Collection code | Home library | Current library | Date acquired | Source of acquisition | Cost, normal purchase price | Full call number | Barcode | Copy number | Cost, replacement price | Koha item type |
|---|---|---|---|---|---|---|---|---|---|---|---|---|---|
| Fiction | Bawana | Bawana | 26/05/2014 | UBH/288/18.02.2014126/12.03.2014/20.03.2014 | 499.00 | S STI | B-530375 | 1 | 499.00 | Children Books | |||
| Fiction | Mobile Library | Mobile Library | 26/05/2014 | UBH/288/18.02.2014126/12.03.2014/20.03.2014 | 499.00 | S STI | B-530366 | 1 | 499.00 | Children Books | |||
| Fiction | New Police Line | New Police Line | 26/05/2014 | UBH/288/18.02.2014126/12.03.2014/20.03.2014 | 499.00 | S STI | B-530367 | 1 | 499.00 | Children Books | |||
| Withdrawn | Fiction | Patel Nagar | Patel Nagar | 26/05/2014 | UBH/288/18.02.2014126/12.03.2014/20.03.2014 | 499.00 | S STI | B-530369 | 1 | 499.00 | Children Books | ||
| Written-off vide DLB M. No. 383 dt 16.05.19 | Fiction | Qila Rai Pithora | Qila Rai Pithora | 26/05/2014 | UBH/288/18.02.2014126/12.03.2014/20.03.2014 | 499.00 | S STI | B-530373 | 1 | 499.00 | Children Books | ||
| Written-off vide DLB M. No. 383 dt 16.05.19 | Fiction | Sarojini Nagar | Sarojini Nagar | 26/05/2014 | UBH/288/18.02.2014126/12.03.2014/20.03.2014 | 499.00 | S STI | B-530370 | 1 | 499.00 | Children Books | ||
| Fiction | Shahdara Branch | Shahdara Branch | 26/05/2014 | UBH/288/18.02.2014126/12.03.2014/20.03.2014 | 499.00 | S STI | B-530368 | 1 | 499.00 | Children Books | |||
| Fiction | Shahdara Branch | Shahdara Branch | 26/05/2014 | UBH/288/18.02.2014126/12.03.2014/20.03.2014 | 499.00 | S STI | B-530376 | 1 | 499.00 | Children Books | |||
| Fiction | Sriniwas Puri | Sriniwas Puri | 26/05/2014 | UBH/288/18.02.2014126/12.03.2014/20.03.2014 | 499.00 | S STI | B-530372 | 1 | 499.00 | Children Books | |||
| Fiction | Vinoba Puri | Vinoba Puri | 26/05/2014 | UBH/288/18.02.2014126/12.03.2014/20.03.2014 | 499.00 | S STI | B-530371 | 1 | 499.00 | Children Books | |||
| Fiction | Vinoba Puri | Vinoba Puri | 26/05/2014 | UBH/288/18.02.2014126/12.03.2014/20.03.2014 | 499.00 | S STI | B-530374 | 1 | 499.00 | Children Books |
